Регионална библиотека "Любен Каравелов" - Русе

Е. Зола и А. Дюма (Запис номер 390027)

MARC детайли
000 -Лидер
Контролно поле с фиксирана дължина nam a22 a 4500
003 - Код на организацията, давaща контролен номер
Контролно поле BLK
005 - Дата и час на последна редакция
Контролно поле 20201014102610.0
008 - Елементи от данни с фиксирана дължина
fixed length control field 201014b bu ||||| |||| 00| 0 bu d
040 ## - Източник на каталожния запис
Идентификатор на билиотеката - собственик на записа BLK
041 ## - Код за език
Код за езика на текст/звукозапис или на отделно заглавие Български
Код за езика КДБФ Български
080 ## - УДК
Текстов определител УДК Френска литература
УДК код - определител по УДК 821.133.1
УДК определител -95
УДК - код + определител 821.133.1-95
100 ## - Редна дума - Автор
R(LIN) 1299
Автор Толстой, Лев Николаевич
Авторска отговорност първи автор
245 ## - Сведения за заглавието
Заглавие Е. Зола и А. Дюма
Подзаглавни данни С крит. бележки
Редно поле (дума) L. Tolstoi ; Прев. от фр. Стоян Е. Русев
260 ## - Област на издателските данни
9 (RLIN) 405960
Място на издаване, разпространение и проч. София
Име на издателя, разпространителя и проч. печ. на Ив. П. Даскалов и С-ие
Година на издаване 1896
300 ## - Физическа характеристика
Страници 47 с.
Размери/Мащаб 25 см
380 ## - Жанр
Жанр Литературознание
490 ## - СЕРИИ (Колекции)
9 (RLIN) 435080
Име на серия Колекция Редки и ценни издания
600 #0 - Име на лице, използвано като предмет
9 (RLIN) 426357
За него / За нея Зола, Емил
600 #0 - Име на лице, използвано като предмет
9 (RLIN) 364540
За него / За нея Дюма, Александър
650 #0 - Допълнително описание по предмет – тема
9 (RLIN) 249194
Основно описание – тема или топоним Писатели, френски
700 ## - Други автори (авторска отговорност)
9 (RLIN) 1177
Лично име Русев, Стоян
Автороска отговорност (Описва отношението между автора и произведението) прев. от фр.
852 ## - Местоположение
Форматна сигнатура Рб 896
Фондова буква Редки и ценни
999 ## - СИСТЕМНИ КОНТРОЛНИ НОМЕРА
Koha biblionumber 390027
Koha biblioitemnumber 390027
942 ## - АРТИКУЛИ
Вид на библиотечния материал Книги
Скрит в OPAC Не
Периодичен библиозапис Да
944 ## - СЪЗДАВАНЕ И РЕДАКЦИЯ на ЗАПИСА
Създаване/Редакция Създаване
Дата на регистрацията/редакция 2020-10-14
Служител, извършил регистрацията/редакцията ВЙ
Наличности
Код за отписване Код за изгубен артикул Източник на класификационната схема Код за повреда Коз за рестрикции Код за отдаване Артикулен № Име на библиотеката - собственик Име на библиотеката, в която се намира в момента Статус (Текущо местоположение) Дата на вписване в системата Местоположение - отдел Цена в лева Инвентарен номер Систематично азбучна сигнатура Баркод Цена в евро Служебен тип на артикула
  Не е изгубен Universal Decimal Classification Не е повреден само за читалня Специални фондове ( старопечатни, редки и ценни, фонд М. Арнаудов) 803648 Регионална библиотека "Любен Каравелов" Русе Регионална библиотека "Любен Каравелов" Русе Редки и ценни 2020-10-19 Редки и ценни 0.04 2705 Рб 896 900000036373 0.02 Книги
Vip Innovations Ltd, Rousse, Bulgaria 2025